000
00357nam a2200157Ia 4500
008
100122s9999 xx 000 0 und d
082
_b
76161
_a
823.08
100
_a
HARIHARAN GITHA
245
_a
FUGITIVE HISTORIES
250
_a
1
260
_c
2006
300
_a
244
630
_a
FUGITIVE HISTORIES
730
_a
FUGITIVE HISTORIES
942
_c
BOOK
999
_c
392902
_d
392899